Statistics for One-Name Singers Quiz #1

Click here to take the quiz!

General Stats

  • This quiz has been taken 60 times
  • The average score is 8 of 20

Answer Stats

SongsSinger% Correct
Purple Rain | When Doves CryPrince
86%
We Found Love | DiamondRihanna
81%
Just Like Jesse James | BelieveCher
74%
Royals | TeamLorde
71%
Gangsta's Paradise | C U When U Get ThereCoolio
69%
Timber | Feel This MomentPitbull
53%
Glamorous | Big Girls Don't CryFergie
45%
Shape of My Heart | Englishman in New YorkSting
43%
Thong Song | IncompleteSisqó
41%
Smack That | LonelyAkon
36%
Dead Mama | California LoveTupac
34%
Young Dumb & Broke | BetterKhalid
28%
Bad at Love | Without MeHalsey
24%
Dancing On My Own | Call Your GirlfriendRobyn
24%
Stay | The MiddleZedd
16%
SAD! | Look at Me!XXXTentacion
16%
Extreme Ways | PorcelainMoby
14%
Act a Fool | What's Your FantasyLudacris
10%
Motivation | Dancing with a StrangerNormani
9%
Love Is Blind | Gotta ManEve
5%

Score Distribution

Percentile by Number Answered

Percent of People with Each Score

Your Score History

You have not taken this quiz